<?xml version="1.0" encoding="UTF-8"?>
<collection xmlns="http://www.loc.gov/MARC21/slim">
 <record>
  <leader>02896nam a2200313 a 4500</leader>
  <controlfield tag="001">1/48799</controlfield>
  <controlfield tag="008">190527s1997    gr abe   bi   00110 gre  </controlfield>
  <datafield tag="020" ind1=" " ind2=" ">
   <subfield code="a">9605340089</subfield>
  </datafield>
  <datafield tag="035" ind1=" " ind2=" ">
   <subfield code="l">51797</subfield>
  </datafield>
  <datafield tag="040" ind1=" " ind2=" ">
   <subfield code="a">GR-PeUP</subfield>
  </datafield>
  <datafield tag="082" ind1="0" ind2="0">
   <subfield code="a">938.94 ΑΚΑ</subfield>
  </datafield>
  <datafield tag="100" ind1="1" ind2=" ">
   <subfield code="a">Ακαμάτης, Ιωάννης Μ.</subfield>
  </datafield>
  <datafield tag="245" ind1="1" ind2="0">
   <subfield code="a">Μακεδονία /</subfield>
   <subfield code="c">Ιωάννης Ακαμάτης... [κ.ά.].</subfield>
  </datafield>
  <datafield tag="260" ind1="0" ind2=" ">
   <subfield code="a">Αθήνα :</subfield>
   <subfield code="b">Πολιτιστικό Τεχνολογικό Ίδρυμα ΕΤΒΑ,</subfield>
   <subfield code="c">1997.</subfield>
  </datafield>
  <datafield tag="300" ind1=" " ind2=" ">
   <subfield code="a">259 σ. :</subfield>
   <subfield code="b">έγχρ. εικ., σχέδια, χάρτες, ;</subfield>
   <subfield code="c">22 εκ.</subfield>
  </datafield>
  <datafield tag="500" ind1=" " ind2=" ">
   <subfield code="a">Eυρετήριο: σ. 258-259.</subfield>
  </datafield>
  <datafield tag="504" ind1=" " ind2=" ">
   <subfield code="a">Βιβλιογραφία: σ. 244-256.</subfield>
  </datafield>
  <datafield tag="505" ind1="0" ind2=" ">
   <subfield code="a">Πρόλογος -- Εισαγωγή -- Φυσικό περιβάλλον -- Η οικολογική Μακεδονία -- Η προϊστορική Μακεδονία -- Η Μακεδονία από το τέλος των προϊστορικών χρόνων ως το 324 μ. Χ. -- Η Μακεδονία μεταξύ του 324 και του 1430 -- Αρχιτεκτονική μέσων χρόνων -- Η περίοδος της τουρκοκρατίας (1430-1912) -- Παιδεία και πνευματικός βίος (1430-1912) -- Νεότεροι χρόνοι- Αρχιτεκτονική -- Νεότεροι χρόνοι- Τέχνη εκκλησιαστική -- Νεότεροι χρόνοι-Εθνολογικά -- Χορός και χορευτικά δρώμενα -- Λαϊκή παραδοσιακή μουσική -- Οι τοπικές φορεσιές -- Η σύγχρονη περίοδος (1912-1994) -- Αρχιτεκτονική του 20ου αιώνα -- Λογοτεχνία -- Κινηματογράφος -- Θέατρο -- Σύγχρονη τέχνη -- Πολιτιστικά Ιδρύματα -- Η οικονομία -- Η αμπελοοινική Μακεδονία -- Τουριστικές υπηρεσίες -- Ιαματικές πηγές -- Περιηγήσεις -- Νεότεροι χρόνοι -- Βιβλιογραφία -- Ευρετήριο.</subfield>
  </datafield>
  <datafield tag="651" ind1=" " ind2="4">
   <subfield code="a">Μακεδονία</subfield>
   <subfield code="x">Περιγραφή και ταξίδια.</subfield>
  </datafield>
  <datafield tag="651" ind1=" " ind2="4">
   <subfield code="a">Μακεδονία</subfield>
   <subfield code="x">Οδηγοί.</subfield>
  </datafield>
  <datafield tag="651" ind1=" " ind2="4">
   <subfield code="a">Μακεδονία</subfield>
   <subfield code="x">Ιστορία.</subfield>
  </datafield>
  <datafield tag="651" ind1=" " ind2="0">
   <subfield code="a">Macedonia</subfield>
   <subfield code="x">History.</subfield>
  </datafield>
  <datafield tag="651" ind1=" " ind2="0">
   <subfield code="a">Macedonia</subfield>
   <subfield code="x">Guidebooks.</subfield>
  </datafield>
  <datafield tag="651" ind1=" " ind2="0">
   <subfield code="a">Macedonia</subfield>
   <subfield code="x">Antiquities.</subfield>
  </datafield>
  <datafield tag="651" ind1=" " ind2="4">
   <subfield code="a">Μακεδονία</subfield>
   <subfield code="x">Αρχαιότητες.</subfield>
  </datafield>
  <datafield tag="651" ind1=" " ind2="0">
   <subfield code="a">Macedonia</subfield>
   <subfield code="x">Description and travel.</subfield>
  </datafield>
  <datafield tag="710" ind1="2" ind2=" ">
   <subfield code="a">Ελληνικός Οργανισμός Τουρισμού.</subfield>
  </datafield>
  <datafield tag="710" ind1="1" ind2=" ">
   <subfield code="a">Πολιτιστικό Τεχνολογικό Ίδρυμα ΕΤΒΑ.</subfield>
  </datafield>
  <datafield tag="852" ind1=" " ind2=" ">
   <subfield code="a">INST</subfield>
   <subfield code="b">UNIPILB</subfield>
   <subfield code="c">MAIN</subfield>
   <subfield code="e">20190527</subfield>
   <subfield code="h">938.94 ΑΚΑ</subfield>
   <subfield code="p">00174051</subfield>
   <subfield code="q">00174051</subfield>
   <subfield code="t">LOAN</subfield>
   <subfield code="y">0</subfield>
   <subfield code="4">1</subfield>
  </datafield>
 </record>
</collection>
